Bibliografi (Record no. 60977)
[ view plain ]
| 000 -LEADER | |
|---|---|
| fixed length control field | 00302nam a22001337a 4500 |
| 008 - FIXED-LENGTH DATA ELEMENTS--GENERAL INFORMATION | |
| fixed length control field | 260416b ||||| |||| 00| 0 eng d |
| 020 ## - INTERNATIONAL STANDARD BOOK NUMBER | |
| International Standard Book Number | 9992738111 |
| 041 ## - LANGUAGE CODE | |
| Language code of text/sound track or separate title | Shqip |
| 080 ## - UNIVERSAL DECIMAL CLASSIFICATION NUMBER | |
| Universal Decimal Classification number | 821.18 |
| 100 ## - Rafti | |
| Rafti | 39 |
| 101 ## - Shkurtesa | |
| Shkurtesa | Gjuhe dhe Leteresi |
| 245 ## - TITLE STATEMENT | |
| Title | Bibliografi |
| Statement of responsibility, etc | Katerina Goshi |
| 942 ## - ADDED ENTRY ELEMENTS (KOHA) | |
| Source of classification or shelving scheme | |
| Item type | Books |
| Withdrawn status | Lost status | Source of classification or shelving scheme | Damaged status | Not for loan | Collection code | Permanent location | Current location | Date acquired | Total Checkouts | Barcode | Date last seen | Price effective from | Koha item type |
|---|---|---|---|---|---|---|---|---|---|---|---|---|---|
| Koleksioni i përgjithshem | UBT - Lipjan | UBT - Lipjan | 04/16/2026 | 003-800070999655 | 04/16/2026 | 04/16/2026 | Books | ||||||
| Koleksioni i përgjithshem | UBT - Lipjan | UBT - Lipjan | 04/16/2026 | 003-800070999656 | 04/16/2026 | 04/16/2026 | Books | ||||||
| Koleksioni i përgjithshem | UBT - Lipjan | UBT - Lipjan | 04/16/2026 | 003-800070999657 | 04/16/2026 | 04/16/2026 | Books | ||||||
| Koleksioni i përgjithshem | UBT - Lipjan | UBT - Lipjan | 04/16/2026 | 003-800070999658 | 04/16/2026 | 04/16/2026 | Books | ||||||
| Koleksioni i përgjithshem | UBT - Lipjan | UBT - Lipjan | 04/16/2026 | 003-800070999659 | 04/16/2026 | 04/16/2026 | Books | ||||||
| Koleksioni i përgjithshem | UBT - Lipjan | UBT - Lipjan | 04/16/2026 | 003-800070999660 | 04/16/2026 | 04/16/2026 | Books |